LEADER 03388nam 2200517 450 001 9910213813603321 005 20170919210012.0 010 $a0-8330-9544-7 035 $a(CKB)3710000000743612 035 $a(EBL)4578330 035 $a(MiAaPQ)EBC4578330 035 $a(EXLCZ)993710000000743612 100 $a20160819h20162016 uy 0 101 0 $aeng 135 $aur|n|---||||| 181 $2rdacontent 182 $2rdamedia 183 $2rdacarrier 200 10$aStretching and exploiting thresholds for high-order war $ehow Russia, China, and Iran are eroding American influence using time-tested measures short of war /$fBen Connable, Jason H. Campbell, Dan Madden 210 1$aSanta Monica, California :$cRAND Corporation,$d2016. 210 4$d©2016 215 $a1 online resource (57 p.) 300 $aDescription based upon print version of record. 311 $a0-8330-9044-5 320 $aIncludes bibliographical references. 327 $aCover ; Title Page ; Copyright ; Preface; Contents; Figure; Summary; Acknowledgments; Abbreviations; CHAPTER ONE: Time-Tested Measures Short of War; Myths of the New Paradigms; CHAPTER TWO: American Understanding of Thresholds Is Impractical; CHAPTER THREE: Russia, China, and Iran Apply Measures Short of War; Example 1: Russia Exploits and Stretches Thresholds in Eastern Europe; Example 2: China Expands Its Boundaries in East Asia; Example 3: Iran in Iraq; CHAPTER FOUR: Conclusion, Considerations, and Cautions; Considerations 327 $aThe Risks of Improving and Increasing the Use of Measures Short of WarBibliography 330 $a"U.S. thresholds for high-order conventional and nuclear war are diffuse and dynamic, differ across regions, and are hard to enforce. Since 9/11, three of the primary nation-state competitors to the United States--Russia, China, and Iran--have successfully exploited or stretched U.S. thresholds for high-order war in order to further their strategic ends and, in the process, undermine U.S. interests. Each of these countries has made expert use of some combination of measures short of war, including economic leverage, terrorism, limited military incursions, aggressive diplomacy, and covert action, to enact its strategies. Some argue that these actions constitute a new international order, or perhaps a new way of war. They do not: Use of measures short of war is time-tested nation-state behavior. U.S. policymakers and military service leaders would benefit from additional consideration of these measures, how they are used against the United States, and how they might be defended against and exploited to further U.S. strategic interests"--Publisher's description. 606 $aLow-intensity conflicts (Military science) 607 $aUnited States$xMilitary policy$xHistory$y21st century 607 $aUnited States$xForeign relations$y21st century 607 $aUnited States$2fast 608 $aElectronic books. 615 0$aLow-intensity conflicts (Military science) 676 $a355.0218 700 $aConnable$b Ben$0924041 702 $aCampbell$b Jason H. 702 $aMadden$b Dan 712 02$aArroyo Center, 801 0$bMiAaPQ 801 1$bMiAaPQ 801 2$bMiAaPQ 906 $aBOOK 912 $a9910213813603321 996 $aStretching and exploiting thresholds for high-order war$92886761 997 $aUNINA LEADER 01303nam a2200277 i 4500 001 991000520369707536 008 031012s2003 it 100 0 ita 020 $a8851301689 035 $ab12629376-39ule_inst 040 $aFac. Economia$bita 082 14$a658.4013 245 02$aL'evoluzione del controllo di gestione nelle realtą pubbliche e non profit :$briflessioni ed esperienze /$ca cura di Katia Giusepponi ; contributi di Franco Ancona ... [et al.] 260 $aNapoli :$bSistemi,$c2003 300 $avi, 169 p. ;$c24 cm 490 $aEnti locali e pubblica amministrazione 500 $aRelazioni scelte presentate al Congresso, Macerata, 2002 500 $aIn cop.: AA.VV.; TC6 500 $aContiene bibl. e riferimenti bibliografici 700 1 $aGiusepponi, Katia 907 $a.b12629376$b23-01-19$c16-03-04 912 $a991000520369707536 945 $aLE025 ECO 658.4 GIU01.01$g1$i2025000265158$lle025$n2014$o-$pE49.00$q-$rl$s- $t0$u3$v0$w3$x0$y.i15593782$z03-03-14 945 $aLE025 ECO 658.4 GIU01.01$g2$i2025000093782$lle025$nCatalogato 2019$op$pE13.00$q-$rl$s- $t0$u7$v29$w7$x0$y.i1351328x$z21-04-04 996 $aEvoluzione del controllo di gestione nelle realtą pubbliche e non profit$9277143 997 $aUNISALENTO 998 $ale025$b16-03-04$cm$da $e-$fita$git $h2$i1